| 000 | 00474 a2200193 4500 | ||
|---|---|---|---|
| 005 | 20260407144821.0 | ||
| 008 | 260407b |||||||| |||| 00| 0 eng d | ||
| 020 |
_a9789349583054 _cRs. 3495.00 |
||
| 040 | _aMAIN | ||
| 082 |
_a576.5 _bB219G |
||
| 100 | _aBalwan, Wahied Khawar | ||
| 245 | _aGenetics and genomics | ||
| 260 |
_bAmiga Press _c2026 _aDelhi |
||
| 300 | _axiv, 272 | ||
| 650 | _aLife Sciences | ||
| 650 | _aGenetics | ||
| 650 | _aGenomics | ||
| 942 | _cBK | ||
| 999 |
_c396769 _d396769 |
||